La Crisis del marxismo y América Latina: diálogo entre José Aricó, André Gunder Frank, Enrique Gomáriz y Carlos Franco /
Gespeichert in:
| 1. Verfasser: | |
|---|---|
| Format: | Text |
| Schlagworte: | |
| Tags: |
Tag hinzufügen
Keine Tags, Fügen Sie den ersten Tag hinzu!
|
MARC
| LEADER | 00000 a a2200000 04500 | ||
|---|---|---|---|
| 001 | 18208 | ||
| 003 | |||
| 040 | |||
| 100 | |a Gomáriz, Enrique | ||
| 245 | |a La Crisis del marxismo y América Latina: |b diálogo entre José Aricó, André Gunder Frank, Enrique Gomáriz y Carlos Franco / |c Enrique Gomáriz | ||
| 650 | |a MARXISMO | ||
| 650 | |a CRISIS | ||
| 650 | |a AMERICA LATINA | ||
| 773 | |g número 100; páginas 315-324 | ||
| 999 | |c 33755 |d 33755 | ||
